000 01262nam a2200337 a 4500
001 000110760
003 CHAP
005 20220329144146.0
008 141002s2012 mx a |s| |1|||||spa d
010 _a107222
011 _a108194
020 _a9786071202789
040 _cCHAP
090 _aCD-411
111 2 _aCongreso Nacional sobre Recursos Bióticos de Zonas Áridas
_n(8:
_d2012:
_cBermejillo, Dgo.)
_9128566
245 1 0 _aMemoria del octavo congreso nacional sobre recursos bióticos de zonas áridas
_h[Disco Compacto]
_ccompilado por Aurelio Pedroza Sandoval y Rafael Castro Franco.
260 _aBermejillo , Dgo :
_bUACH. Unidad Regional Universitaria de Zonas Áridas,
_c2012.
300 _a1 CD ROM ;
_c4 3/4 plg.
590 _aE11695DGD
_b10
_c20141002
_lUCH01
_h1258
590 _aE11695DGD
_b10
_c20141002
_lUCH01
_h1342
590 _aE5652GLJ
_b05
_c20141002
_lUCH01
_h1226
650 1 4 _aAgricultura
_xCongresos.
_91373
650 1 4 _aCultivos
_xVariedades.
_930332
650 1 4 _aRecursos naturales
_xAprovechamiento
_zDurango.
_995196
650 1 4 _aRegiones áridas
_xAgricultura.
_995670
700 0 _aCastro Franco, Rafael
_ecomp.
_920360
700 0 _aPedroza Sandoval, Aurelio
_ecomp.
_986574
901 _aBK
942 _cCD
942 _n0
999 _c107222
_d107222